00580nam a2200193Ia 450000500170000000800410001702000150005808200130007310000190008624500680010526000280017330000170020165000120021865000150023065000250024594200060027095200950027699900150037120241120003941.0240331s9999 xx 000 0 und d a0954964705 bSIVa900 aSivanayagam, S 0aSrilanka :bwitness to history a journalist's memoris 1930-2004 aLondonbSivayogamc2005 aXIX, 684 P., aHistory aJournalism aHistory of Sri Lanka cL 001040708LaWERCLbWERCLcSSCd2024-03-31l0o 900 SIVp6010r2024-03-31w2024-03-31yL c4446d4446